000 00349pam a2200145 a 4500
020 _a978-81-8371-159-3
_c
041 _h
082 _a621.3
100 _aBabu P.R.
_eAuthor
245 _aElectrical Circuit Analysis
_cBabu P.R.
_hTextual Documents
250 _a1st Ed.
260 _bScotecj Pub.Pvt.Ltd.
_c2011
300 _a505
930 _a1614
999 _c245435
_d245435